| 000 | 01621nam2a22002651 4500 | ||
|---|---|---|---|
| 001 | RU\NLR\INFOCOMM10\1000144718 | ||
| 005 | 20250617154026.0 | ||
| 035 | _a(NLR Aleph) 002752002 | ||
| 090 |
_a2150827 _c2150827 |
||
| 100 | _a20040204d1984 |||y0rusy50 ca | ||
| 101 | 0 | _arus | |
| 102 | _aRU | ||
| 105 | _ay ||||||||| | ||
| 200 | 1 |
_aРезультаты внедрения бригадных форм организации труды на передовых предприятиях Мингазпрома _fБаско, П.В., Сосновский, П.З. |
|
| 210 |
_d1984 _aБ. м. |
||
| 461 | 0 |
_1001RU\NLR\INFOCOMM10\1000144712 _12001#$aГазовая промышленность$eОбзор. информ.$iСерия "Организация социалистического соревнования в газовой промышленности"$fВНИИ экономики, орг. пр-ва и техн.-экон. информ. в газовой пром-сти$v1984, Вып.5 _92150773 _cМ. _d1982-1987 _fВНИИ экономики, орг. пр-ва и техн.-экон. информ. в газовой пром-сти _iСерия "Организация социалистического соревнования в газовой промышленности" _oОбзор. информ. _tГазовая промышленность _v1984, Вып.5 |
|
| 700 | 1 |
_aБаско _bП.В. _4070 |
|
| 701 | 1 |
_aСосновский _bП.З. _4070 |
|
| 801 | 1 |
_aRU _bInfoComm _c20040204 |
|
| 801 | 0 |
_aRU _bNLR _gPSBO |
|
| 852 |
_aNLR _jП22/5013 |
||
| 942 | _cISSUE | ||
| 980 | _aNB | ||
| 980 | _aRUSPER | ||